00853nas a2200229Ia 4500001001100000003000900011008004100020040001300061040001300074041001300087100004500100210002000145222002000165245009300185250001100278260002800289501008600317300001700403362004400420500012300464650003600587R012/42588IT-RoPAU151124c99999999xx |||||||||||| ||und|| aIT-RoPAU cIT-RoPAU aITALIANO aCrespi AlbertogCodice Aut. SPICS: 14579 aCINEMA & CINEMA aCinema & Cinema aCINEMA & CINEMA, ANNO 07-N.22/23 (GENNAIO-GIUGNO 1980)bNuovo Musical O Musica Nel Film? a1a ed. aVENEZIAbMARSILIOc1980 bPaulus - SPICS - Società San Paolo EM (non-commercial uses only)cCopyright2015 a8 p. [62-69] aANNO 007, N.22/23 (GENNAIO-GIUGNO 1980) aRiflessioni Sul Musical e Sua Diversità Dal Film in Cui Vi è Pure la Musica. Note ed Esemplicazioni con Vari Film. aCINEMAvPUBBLICAZIONE PERIODICA